Los Desplazamientos en el discurso "ecológico": del naturalismo social al sociologismo natural /

Este ensayo ofrece una introducción al desarrollo sustentable que permita, en la medida de lo posible, fomentar una actitud crítica ante la manera en que se analiza hoy la cuestión de la sustentabilidad. El hilo conductor es la búsque del sistema conceptual, que ha concebido los problemas ecológicos...

Szczegółowa specyfikacja

Zapisane w:
Opis bibliograficzny
1. autor: Rogel Salazar, Rosario
Kolejni autorzy: Aguado López, Eduardo
Format: Texto
Hasła przedmiotowe:
Etykiety: Dodaj etykietę
Nie ma etykietki, Dołącz pierwszą etykiete!

MARC

LEADER 00000 a a2200000 04500
001 3880
003
040
100 |a Rogel Salazar, Rosario  
245 |a Los Desplazamientos en el discurso "ecológico":   |b del naturalismo social al sociologismo natural /  |c Rosario Rogel Salazar ; Eduardo Aguado López 
520 |a Este ensayo ofrece una introducción al desarrollo sustentable que permita, en la medida de lo posible, fomentar una actitud crítica ante la manera en que se analiza hoy la cuestión de la sustentabilidad. El hilo conductor es la búsque del sistema conceptual, que ha concebido los problemas ecológicos como perturbaciones y que ahora arriba a una postura denominada desarrolo sustentable, como nueva construcción utópica del proyecto de la modernidad. DOC/WMV  
650 |a TEORIA  
650 |a DESARROLLO SOSTENIBLE  
650 |a DESARROLLO INTEGRADO  
650 |a CONSERVACION DE RECURSOS  
650 |a DESARROLLO HUMANO  
650 |a ECOSISTEMAS  
650 |a EQUILIBRIO ECOLOGICO  
650 |a MEDIO AMBIENTE  
650 |a MODERNIZACION  
700 |a Aguado López, Eduardo  
773 |g volumen 7, número 22; páginas 163-192  
999 |c 30489  |d 30489